Widok standardowy
Widok MARC
Pozycja Topical Term
Liczba rekordów, w których użyto hasła: 1
001 - Numer kontrolny
- control field: 38875
003 - Identyfikator numeru kontrolnego
- control field: NUKAT
005 - Data i czas ostatniej modyfikacji
- control field: 20260324102605.0
008 - Dane kontrolne kodowane (40 znaków)
- fixed length control field: 071107n||aaznnbabn |a ana |c
010 ## - Numer kontrolny Biblioteki Kongresu
- numer kontrolny LC: s 2007226744
040 ## - Instytucja sporządzająca rekord
- inst. przygot. dane do rek. khw: WR O/ZW
- język haseł przedmiotowych/tezaurus: kaba
- inst. wprow. rek. khw: WR O/ZW
150 ## - Hasło - nazwa pospolita
- nazwa posp. lub nazwa geogr. na pocz.: Rzeźbiarze
- określnik geograficzny: Polska
- określnik chronologiczny: 20 w.
- określnik formy: biografie.